000 00575nam a2200229Ia 4500
003 OSt
005 20220912145742.0
006 a|||||r|||| 00| 0
007 ta
008 220909b |||||||| |||| 00| 0 eng d
024 _a74998
037 _cTextual
040 _aCSL
_beng
_cCSL
041 _aeng
082 _aC2p1,M83, M3
111 _aSymposium on amorphous materials (1983 : Bombay)
245 0 _aProceeding on amorphous materials
260 _c1983
300 _ap.
_ccm.
942 _hC2p1,M83, M3
_cTEXL
_2CC
999 _c37559
_d37559